[Event "Torneo Nuevo Centro. Jornada 7"]
[Site "Chess.com"]
[Date "2020.07.31"]
[Round "8"]
[White "Perez Garcia, Jose Miguel"]
[Black "Aguado, Pablo Luis"]
[Result "1/2-1/2"]
[WhiteElo "2039"]
[BlackElo "1913"]
[PlyCount "160"]
[EventDate "2020.??.??"]

1. e4 e5 2. Nf3 Nf6 3. Nxe5 d6 4. Nf3 Nxe4 5. Nc3 Nxc3 6. dxc3 Be7 7. Bf4 O-O
8. Qd2 Nd7 9. O-O-O Nc5 10. Bd3 Be6 11. Kb1 Qd7 12. Nd4 Nxd3 13. Qxd3 Rae8 14.
Rhe1 a6 15. f3 Bf6 16. Qd2 Bxd4 17. Qxd4 b5 18. h4 a5 19. h5 b4 20. h6 f6 21.
hxg7 Kxg7 22. c4 Bf5 23. Rh1 Kg8 24. Qd5+ Qe6 25. Qxa5 Bg6 26. Qd5 Qxd5 27.
cxd5 Re2 28. Rd2 Rfe8 29. Rhd1 Rxd2 30. Bxd2 Re2 31. g3 f5 32. f4 Rg2 33. Bxb4
Rxg3 34. Bd2 Bf7 35. Bc1 h5 36. Re1 h4 37. Be3 h3 38. Rg1 Rxg1+ 39. Bxg1 Bxd5
40. Bh2 Kf7 41. b3 Bc6 42. Kc1 Ke6 43. Kd2 Kd5 44. Ke3 Kc5 45. c3 d5 46. Kd3
Bb5+ 47. Ke3 Kd6 48. a4 Be8 49. a5 c5 50. b4 Bb5 51. Kd2 d4 52. bxc5+ Kxc5 53.
Bg1 h2 54. cxd4+ Kd5 55. Bxh2 Kxd4 56. Kc2 Ba6 57. Kb3 Kc5 58. Ka4 Bb5+ 59. Ka3
Bc4 60. Bg1+ Kb5 61. Bb6 Bd5 62. Kb2 Be4 63. Kc3 Ka6 64. Kd4 Bb1 65. Ke5 Bc2
66. Kd6 Bd3 67. Kc7 Bb1 68. Kb8 Bc2 69. Bc7 Bb1 70. Kc8 Bc2 71. Kd8 Bb1 72. Bb6
Bc2 73. Ke7 Bb1 74. Kd6 Bc2 75. Ke5 Bb1 76. Kd4 Bc2 77. Ke5 Be4 78. Kd4 Bb1 79.
Ke5 Bc2 80. Kd4 Bb1 1/2-1/2

[Event "Torneo Nuevo Centro. Jornada 7"]
[Site "Chess.com"]
[Date "2020.07.31"]
[Round "8"]
[White "Hernández Tomás, Efrén"]
[Black "Morata Briones, Carlos"]
[Result "1-0"]
[WhiteElo "1080"]
[BlackElo "941"]
[PlyCount "85"]
[EventDate "2020.??.??"]

1. e4 e5 2. Nf3 Nc6 3. Bc4 Qf6 4. Nc3 Bc5 5. Nd5 Qd6 6. O-O Nf6 7. Nxf6+ Qxf6
8. d3 O-O 9. Bg5 Qg6 10. Qd2 h6 11. Be3 d6 12. Nh4 Qg4 13. g3 Bd7 14. Bxc5 dxc5
15. f3 Qh3 16. Qg2 Qxg2+ 17. Kxg2 Nd4 18. Rf2 a6 19. c3 Ne6 20. Rd1 b5 21. Bd5
Rad8 22. Bb7 a5 23. Nf5 g6 24. Nxh6+ Kg7 25. Ng4 Rb8 26. Bd5 b4 27. cxb4 axb4
28. b3 Ra8 29. Rc1 Ra5 30. Rfc2 g5 31. a4 Kg6 32. Nxe5+ Kg7 33. Nxd7 Rd8 34.
Bxe6 fxe6 35. Nxc5 c6 36. Nxe6+ Kg6 37. Nxd8 Ra8 38. Rxc6+ Kg7 39. Rc7+ Kf8 40.
Ne6+ Ke8 41. Nxg5 Kd8 42. Rb7 Rc8 43. Rxc8+ 1-0

[Event "Torneo Nuevo Centro. Jornada 7"]
[Site "Chess.com"]
[Date "2020.07.31"]
[Round "8"]
[White "Birnoveanu, Petru"]
[Black "Roca Cruz, Rafael"]
[Result "1-0"]
[WhiteElo "1674"]
[BlackElo "1802"]
[PlyCount "87"]
[EventDate "2020.??.??"]

1. e4 c5 2. c4 e6 3. b4 cxb4 4. d4 d5 5. exd5 exd5 6. c5 Nf6 7. Bb5+ Bd7 8.
Bxd7+ Qxd7 9. Ne2 Be7 10. Nd2 O-O 11. O-O b6 12. cxb6 axb6 13. Nf3 Nc6 14. Be3
Ne4 15. Ne5 Qe6 16. Nxc6 Qxc6 17. Rc1 Qa4 18. Qxa4 Rxa4 19. Rc2 Rfa8 20. f3 Nd6
21. Nf4 Nc4 22. Nxd5 Bf8 23. Rxc4 Rxa2 24. Nxb4 Re2 25. Bf4 Bxb4 26. Rxb4 Raa2
27. Rxb6 Rxg2+ 28. Kh1 g5 29. Bg3 h5 30. Rg1 Rgd2 31. Be5 g4 32. fxg4 h4 33.
Rh6 f6 34. Rxf6 h3 35. Rf3 Rg2 36. Rxh3 Rxg1+ 37. Kxg1 Kf7 38. Rh6 Rd2 39. h4
Ra2 40. Rb6 Rc2 41. h5 Re2 42. g5 Kg8 43. g6 Re4 44. Rb8# 1-0

[Event "Torneo Nuevo Centro. Jornada 7"]
[Site "Chess.com"]
[Date "2020.07.31"]
[Round "8"]
[White "Maestre Soler, Sergio"]
[Black "Perrot, Fabien"]
[Result "1-0"]
[WhiteElo "922"]
[BlackElo "954"]
[PlyCount "79"]
[EventDate "2020.??.??"]

1. e4 e5 2. Bc4 Nf6 3. h3 Bc5 4. Nf3 d6 5. Nc3 O-O 6. Ng5 c6 7. Nxf7 Rxf7 8.
Bxf7+ Kxf7 9. O-O Bb4 10. d3 Be6 11. a3 Ba5 12. b4 Bb6 13. Qe1 Bd4 14. Bd2 Qd7
15. Be3 Bxc3 16. Qxc3 Bxh3 17. gxh3 Qxh3 18. Qc4+ d5 19. exd5 cxd5 20. Qc7+ Kg6
21. Rfe1 Ng4 22. Qxb7 Qh2+ 23. Kf1 d4 24. Qg2 Qxg2+ 25. Kxg2 dxe3 26. fxe3 Nc6
27. b5 Ne7 28. Reb1 Rf8 29. Rf1 Nxe3+ 30. Kg1 Nxf1 31. Rxf1 Rxf1+ 32. Kxf1 h5
33. a4 h4 34. a5 h3 35. Kg1 Kf5 36. b6 axb6 37. axb6 Nc6 38. b7 g5 39. Kh2 g4
40. c3 1-0

[Event "Torneo Nuevo Centro. Jornada 7"]
[Site "Chess.com"]
[Date "2020.07.31"]
[Round "8"]
[White "Macias Pino, Diego"]
[Black "Gimeno Higueras, Roberto"]
[Result "0-1"]
[WhiteElo "2212"]
[BlackElo "2096"]
[PlyCount "92"]
[EventDate "2020.??.??"]

1. d4 Nf6 2. c4 e6 3. Nc3 Bb4 4. Nf3 O-O 5. Qc2 c5 6. e3 d5 7. a3 Bxc3+ 8. bxc3
Nc6 9. Be2 Ne4 10. O-O Qa5 11. Bb2 Bd7 12. Rfd1 Rad8 13. Nd2 Nxd2 14. Qxd2 dxc4
15. Bxc4 b5 16. Be2 c4 17. e4 Ne7 18. Qe3 Bc6 19. h4 Qc7 20. h5 h6 21. f4 f5
22. e5 Nd5 23. Qg3 Qf7 24. Rf1 a5 25. Bc1 Ba8 26. Bd2 Rb8 27. a4 b4 28. Bxc4
bxc3 29. Bxc3 Qxh5 30. Bxa5 Rb2 31. Rf2 Rfb8 32. Bb5 Rxf2 33. Qxf2 Qg4 34. Bd2
Nc7 35. Be2 Qg6 36. Bf3 Bd5 37. a5 Rb2 38. Bxd5 Nxd5 39. a6 Qe8 40. Qe1 Qa8 41.
Qc1 Nxf4 42. Qf1 Rxd2 43. d5 Qxd5 44. a7 Rxg2+ 45. Kh1 Ra2+ 46. Kg1 Rxa1 0-1

[Event "Torneo Nuevo Centro. Jornada 7"]
[Site "Chess.com"]
[Date "2020.07.31"]
[Round "8"]
[White "Soler Nadal, Jose Antonio"]
[Black "Miranda Calvo, Max Rodrigo"]
[Result "0-1"]
[WhiteElo "1541"]
[BlackElo "1327"]
[PlyCount "96"]
[EventDate "2020.??.??"]

1. d4 d5 2. Bf4 h5 3. e3 e5 4. Bxe5 f6 5. Bd3 fxe5 6. Bg6+ Ke7 7. Bxh5 Nf6 8.
Be2 Nc6 9. c3 e4 10. c4 Be6 11. cxd5 Bxd5 12. Nc3 Qd6 13. Rc1 Rd8 14. Nxd5+
Nxd5 15. Bc4 Kd7 16. Qb3 Kc8 17. Ne2 Na5 18. Qa4 Nxc4 19. Qxc4 a6 20. a3 Nb6
21. Qc2 Nd5 22. b4 Rxh2 23. Rxh2 Qxh2 24. Nf4 Bd6 25. Nxd5 Rh8 26. g3 Bxg3 27.
Nf4 Bxf4 28. exf4 Qxf4 29. Ke2 c6 30. d5 Qf3+ 31. Kd2 Rh2 32. Rf1 Rxf2+ 33.
Rxf2 Qxf2+ 34. Kc1 Qxc2+ 35. Kxc2 cxd5 36. Kc3 Kd7 37. Kd4 Kd6 38. a4 b5 39. a5
g5 40. Ke3 Ke5 41. Kf2 d4 42. Ke2 d3+ 43. Kd2 g4 44. Ke3 g3 45. Kd2 g2 46. Ke3
g1=Q+ 47. Kd2 Qf2+ 48. Kc1 Qc2# 0-1

[Event "Torneo Nuevo Centro. Jornada 7"]
[Site "Chess.com"]
[Date "2020.07.31"]
[Round "8"]
[White "Kovacevic, Slobodan"]
[Black "Lloret Ramis, Juan José"]
[Result "1-0"]
[WhiteElo "2201"]
[BlackElo "2001"]
[PlyCount "87"]
[EventDate "2020.??.??"]

1. d4 d5 2. Bf4 e6 3. e3 Nf6 4. Nd2 Bd6 5. Bg3 c5 6. c3 Qc7 7. Ngf3 Nbd7 8. Be2
O-O 9. O-O b6 10. Rc1 Bb7 11. b4 Bxg3 12. hxg3 Rfc8 13. bxc5 bxc5 14. Rb1 Rab8
15. Qa4 Bc6 16. Qa3 c4 17. Qe7 Re8 18. Rxb8 Rxb8 19. Ng5 Rf8 20. Rb1 h6 21. Nh3
Qa5 22. Qd6 Qxc3 23. Qxc6 Qxd2 24. Bf3 c3 25. Bd1 Nb6 26. Bb3 Rc8 27. Qb7 c2
28. Bxc2 Qxc2 29. Rf1 Qc7 30. Qa6 Nc4 31. Nf4 Qb6 32. Qxc8+ Kh7 33. Qf8 Nd6 34.
Rc1 Nde4 35. f3 Qb2 36. Rf1 Nxg3 37. Rf2 Qc1+ 38. Kh2 Nfh5 39. Nxh5 Nxh5 40.
Qxf7 Qxe3 41. Rc2 Qg5 42. Re2 Qg3+ 43. Kh1 Nf4 44. Rc2 1-0

[Event "Torneo Nuevo Centro. Jornada 7"]
[Site "Chess.com"]
[Date "2020.07.31"]
[Round "8"]
[White "Garcia, Jhoel"]
[Black "Granero Roca, Antonio"]
[Result "0-1"]
[WhiteElo "2397"]
[BlackElo "2476"]
[PlyCount "112"]
[EventDate "2020.??.??"]

1. c4 Nf6 2. Nf3 d6 3. e3 g6 4. b3 Bg7 5. Bb2 O-O 6. d4 c5 7. Nbd2 Nbd7 8. Be2
a6 9. O-O b6 10. d5 Re8 11. e4 e5 12. dxe6 Rxe6 13. Re1 Bb7 14. Bd3 Ng4 15.
Bxg7 Kxg7 16. Qc2 Qf6 17. Rad1 Nde5 18. Be2 Rae8 19. Nxe5 Nxe5 20. f3 g5 21.
Nf1 g4 22. Ne3 gxf3 23. Nf5+ Kh8 24. Bxf3 Qg5 25. Qf2 Nxf3+ 26. Qxf3 Rxe4 27.
Qc3+ Kg8 28. Ng3 Rxe1+ 29. Rxe1 Rxe1+ 30. Qxe1 Qe5 31. Qd2 f6 32. Kf2 Kg7 33.
h3 Kg6 34. h4 h5 35. Qd3+ f5 36. Qd2 Qd4+ 37. Qxd4 cxd4 38. Ne2 Kf6 39. Nxd4
Ke5 40. Nf3+ Bxf3 41. Kxf3 f4 42. Kf2 Ke4 43. Ke2 a5 44. Kf2 d5 45. cxd5 Kxd5
46. Kf3 Ke5 47. a4 Kf5 48. g3 fxg3 49. Kxg3 Ke4 50. Kf2 Kf4 51. Ke2 Kg4 52. Ke3
Kxh4 53. Kf4 Kh3 54. Kf3 h4 55. Kf2 Kg4 56. Kg2 Kf4 0-1

[Event "Torneo Nuevo Centro. Jornada 7"]
[Site "Chess.com"]
[Date "2020.07.31"]
[Round "8"]
[White "Fitzpatrick Dimas, Kevin"]
[Black "Ursariu, Nikolas Victor"]
[Result "0-1"]
[WhiteElo "885"]
[BlackElo "1040"]
[PlyCount "104"]
[EventDate "2020.??.??"]

1. e4 e5 2. Bc4 Bc5 3. Qh5 Qe7 4. Nf3 Nf6 5. Qxe5 Qxe5 6. Nxe5 O-O 7. Bxf7+
Rxf7 8. Nxf7 Kxf7 9. O-O Nc6 10. h3 Nxe4 11. Re1 Nf6 12. d3 d6 13. Nc3 Bf5 14.
Nb5 Rc8 15. Bf4 a6 16. Nc3 Nd4 17. Re2 Nxe2+ 18. Nxe2 Re8 19. Nc3 Re6 20. Rd1
Bb4 21. a3 Bxc3 22. bxc3 Re2 23. Rc1 Nd5 24. Bh2 Nxc3 25. f3 Re5 26. Bxe5 dxe5
27. Kh2 Ne2 28. Re1 Nd4 29. Rxe5 Kf6 30. Rd5 Nxc2 31. Rc5 Nd4 32. Rxc7 Be6 33.
Rxb7 Ne2 34. Rb6 Kf7 35. Rxa6 Nf4 36. Ra7+ Kf6 37. a4 Nxd3 38. a5 Nc5 39. a6
Bc4 40. g4 Nxa6 41. h4 Nc5 42. Kg3 Ne6 43. Ra4 Bd5 44. g5+ Kf7 45. Kg4 Kg6 46.
f4 Bc6 47. h5+ Kf7 48. g6+ hxg6 49. hxg6+ Kxg6 50. Rc4 Bd5 51. f5+ Kf6 52. Rd4
Nxd4 0-1

[Event "Torneo Nuevo Centro. Jornada 7"]
[Site "Chess.com"]
[Date "2020.07.31"]
[Round "8"]
[White "Pedros Viudes, Santiago"]
[Black "Orts Tomás, Marc"]
[Result "0-1"]
[WhiteElo "1908"]
[BlackElo "1781"]
[PlyCount "100"]
[EventDate "2020.??.??"]

1. d4 Nf6 2. Nf3 e6 3. Bf4 c5 4. e3 b6 5. c4 Bb7 6. Nc3 cxd4 7. exd4 Be7 8. Bd3
d5 9. O-O O-O 10. Ne5 Nc6 11. Nxc6 Bxc6 12. Rc1 Rc8 13. cxd5 Nxd5 14. Bg3 Bf6
15. Ba6 Ra8 16. Ne4 Qd7 17. Qd2 Be7 18. a3 Rfd8 19. Rc2 Bb7 20. Be2 Rac8 21.
Rfc1 Rxc2 22. Rxc2 Rc8 23. Rxc8+ Qxc8 24. Nc3 Nxc3 25. bxc3 Bxa3 26. Be5 Be7
27. f3 Bd5 28. Bd3 a6 29. Qe2 b5 30. Qb2 Qc6 31. Qa1 Bd6 32. Bxd6 Qxd6 33. Qa5
g6 34. h3 Kg7 35. Kf2 Qc6 36. Qb4 Bc4 37. Be4 Bd5 38. Bd3 Qc7 39. Qa3 Qb7 40.
Qb4 Qb6 41. Qe7 a5 42. Qa3 b4 43. cxb4 Qxb4 44. Qxb4 axb4 45. Ke3 b3 46. Kd2
Kf6 47. Kc3 Kg5 48. Bb5 f5 49. Be2 Kf4 50. Bf1 Kg3 0-1

[Event "Torneo Nuevo Centro. Jornada 7"]
[Site "Chess.com"]
[Date "2020.07.31"]
[Round "8"]
[White "Rabbani Perez, Oumaima"]
[Black "Alvarez Usina, Joan"]
[Result "0-1"]
[WhiteElo "625"]
[BlackElo "615"]
[PlyCount "100"]
[EventDate "2020.??.??"]

1. e3 e5 2. Bc4 Nc6 3. Nf3 Bc5 4. Nh4 Qxh4 5. g3 Qh3 6. Qf3 d6 7. Qxf7+ Kd8 8.
b3 Qg2 9. Rf1 Nh6 10. Qxg7 Re8 11. Qg5+ Ne7 12. Qxh6 d5 13. Bxd5 Nxd5 14. Qh4+
Re7 15. Bb2 Nxe3 16. Bxe5 Nxc2+ 17. Kd1 Nxa1 18. Ke1 Nc2+ 19. Ke2 Ke8 20. Qa4+
c6 21. Qg4 Rxe5+ 22. Kd1 Qxf1+ 23. Kxc2 Bxf2 24. Qg7 Rc5+ 25. Nc3 Bf5+ 26. d3
Qxd3+ 27. Kc1 Be3+ 28. Kb2 Qd2+ 29. Ka3 Qxc3 30. Qxc3 Rxc3 31. Kb2 Rc1 32. h4
Rb1+ 33. Kc3 Rc1+ 34. Kb2 Rh1 35. Ka3 Bc1+ 36. Kb4 Rh2 37. a4 Rh1 38. a5 a6 39.
Ka4 Rh2 40. b4 Ra2+ 41. Kb3 Ra1 42. Kc3 Ra3+ 43. Kc4 Be6+ 44. Kc5 Rd8 45. h5
Rd5+ 46. Kb6 Be3+ 47. Kxb7 Rd7+ 48. Kxa6 Rb3 49. b5 Rxb5 50. g4 Ra7# 0-1

[Event "Torneo Nuevo Centro. Jornada 7"]
[Site "Chess.com"]
[Date "2020.07.31"]
[Round "8"]
[White "Zamora Soler, Raul"]
[Black "Bendayán Claros, Aaron"]
[Result "0-1"]
[WhiteElo "1866"]
[BlackElo "2027"]
[PlyCount "104"]
[EventDate "2020.??.??"]

1. Nf3 d5 2. d4 e6 3. e3 Bd6 4. c4 c6 5. b3 Nd7 6. Bb2 f5 7. Nbd2 Ngf6 8. Be2
Ne4 9. O-O Qf6 10. c5 Bc7 11. b4 a6 12. g3 O-O 13. a4 Qh6 14. Ne5 Rf6 15. f4
Qh3 16. Nxe4 fxe4 17. Rf2 Nxe5 18. dxe5 Rf7 19. Bh5 g6 20. Bg4 Qh6 21. Bd4 Qf8
22. Qd2 Bd7 23. Raf1 a5 24. b5 cxb5 25. axb5 Bxb5 26. Bxe6 Bc4 27. Rb1 Ra7 28.
Rc1 Kg7 29. Bxf7 Kxf7 30. Rxc4 dxc4 31. Qc2 Kg7 32. Qxe4 Qf5 33. e6+ Kh6 34.
Qxf5 gxf5 35. c6 Ra6 36. cxb7 Rxe6 37. Ra2 Rc6 38. Rxa5 c3 39. Bxc3 Rxc3 40.
Rxf5 Rxe3 41. Rf7 Bb8 42. Rf8 Ba7 43. Kg2 Re2+ 44. Kh3 Rb2 45. Rf7 Bb8 46. Rd7
Kg6 47. Kg4 h6 48. h4 Rb5 49. Rd6+ Bxd6 50. h5+ Rxh5 51. Kf3 Rb5 52. Ke4 Rxb7
0-1

[Event "Torneo Nuevo Centro. Jornada 7"]
[Site "Chess.com"]
[Date "2020.07.31"]
[Round "8"]
[White "Sendra Tormo, Juan"]
[Black "Gil López, Alejandro"]
[Result "0-1"]
[WhiteElo "2289"]
[BlackElo "2200"]
[PlyCount "116"]
[EventDate "2020.??.??"]

1. d4 e5 2. e4 d6 3. Nf3 Nc6 4. Bc4 Nxd4 5. Nxd4 exd4 6. Qxd4 Nf6 7. Nc3 Be7 8.
Bg5 O-O 9. O-O-O Be6 10. Bxe6 fxe6 11. e5 Ne8 12. Be3 d5 13. Qg4 Qc8 14. h4 Rf5
15. f4 c5 16. Nxd5 exd5 17. Rxd5 Nc7 18. Rd2 Qe6 19. Kb1 Raf8 20. Rhd1 Nb5 21.
c3 Qc6 22. Rd5 Nc7 23. Rd7 Qe4+ 24. Ka1 Qxe3 25. Rxc7 Qxf4 26. Qxf4 Rxf4 27.
Rxe7 Rxh4 28. a3 Rg4 29. Rd2 Rb8 30. e6 h5 31. Ka2 b5 32. Kb3 a5 33. Kc2 c4 34.
Red7 Re4 35. e7 Kf7 36. Rd8 Rb7 37. R8d5 Rbxe7 38. Rxh5 R4e5 39. Rf2+ Kg6 40.
Rh8 Re2+ 41. Rxe2 Rxe2+ 42. Kc1 Rxg2 43. Rd8 Rg5 44. Ra8 a4 45. Re8 Kh5 46. Kd2
Rg2+ 47. Kc1 Kg6 48. Re5 Rg5 49. Re7 Rd5 50. Kc2 Kf6 51. Re4 g5 52. Re8 g4 53.
Rf8+ Kg5 54. Rg8+ Kh4 55. Rh8+ Kg3 56. Rg8 Rf5 57. Rg7 Kf3 58. Kd2 g3 0-1

[Event "Torneo Nuevo Centro. Jornada 7"]
[Site "Chess.com"]
[Date "2020.07.31"]
[Round "8"]
[White "Martínez Escandell, Alfonso"]
[Black "Castellano López, Javier"]
[Result "1-0"]
[WhiteElo "1793"]
[BlackElo "1886"]
[PlyCount "119"]
[EventDate "2020.??.??"]

1. e4 c6 2. d4 d5 3. Nc3 dxe4 4. Nxe4 Bf5 5. Ng3 Bg6 6. c3 Nf6 7. Qb3 Qb6 8.
Qxb6 axb6 9. Nf3 Nbd7 10. h4 h6 11. h5 Bh7 12. Ne5 e6 13. Be2 Bd6 14. Bf4 Nd5
15. Nxd7 Kxd7 16. Bxd6 Kxd6 17. Kd2 b5 18. a3 Ra7 19. Bf3 Rha8 20. Rae1 b6 21.
Re5 f6 22. Re2 Nf4 23. Re3 Re8 24. Rhe1 Rae7 25. Be4 Bxe4 26. Rxe4 Nd5 27. b3
c5 28. c4 bxc4 29. bxc4 Nc7 30. Kd3 Ra8 31. Nf5+ exf5 32. Rxe7 Rxa3+ 33. Kc2
cxd4 34. Rxg7 Na6 35. Kb2 Rd3 36. Re2 Kc5 37. Ra7 Nb4 38. Rc7+ Kd6 39. Rh7 Kc5
40. Rxh6 Kxc4 41. Rh8 Rb3+ 42. Ka1 Kd3 43. Rhe8 Kc3 44. Rc8+ Kd3 45. Rf8 Kxe2
46. h6 Ra3+ 47. Kb2 Ra7 48. Kb3 Nd5 49. Re8+ Kxf2 50. Kc4 Ne3+ 51. Kxd4 Ng4 52.
Rh8 Kxg2 53. h7 f4 54. Rg8 Rxh7 55. Rxg4+ Kf3 56. Rg6 Rf7 57. Kd3 Kf2 58. Ke4
f3 59. Kd3 Ke1 60. Rg1+ 1-0

[Event "Torneo Nuevo Centro. Jornada 7"]
[Site "Chess.com"]
[Date "2020.07.31"]
[Round "8"]
[White "Marques Montolio, Luis"]
[Black "Méndez Giménez, Néstor Emmanuel"]
[Result "1-0"]
[WhiteElo "1420"]
[BlackElo "1181"]
[PlyCount "147"]
[EventDate "2020.??.??"]

1. e4 e6 2. d4 d5 3. exd5 exd5 4. Bd3 Be7 5. Nf3 Nf6 6. Bg5 O-O 7. Nbd2 Ng4 8.
Bxe7 Qxe7+ 9. Qe2 Qxe2+ 10. Bxe2 Nc6 11. O-O Bf5 12. c3 Rae8 13. Rae1 Be4 14.
h3 Bxf3 15. Nxf3 Nf6 16. Bd3 Rxe1 17. Rxe1 Ne4 18. Bxe4 dxe4 19. Rxe4 g6 20.
Kf1 f5 21. Re6 Na5 22. Re7 c6 23. b4 Nc4 24. Rxb7 Re8 25. Rxa7 g5 26. g3 g4 27.
hxg4 fxg4 28. Ne5 Nd2+ 29. Kg2 h5 30. Rc7 Rf8 31. Rxc6 Ne4 32. Rg6+ Kh7 33. b5
Rxf2+ 34. Kg1 Rf5 35. Rc6 Nxg3 36. b6 Ne2+ 37. Kg2 h4 38. Nxg4 Nf4+ 39. Kh2 Ne2
40. Rh6+ Kg7 41. Rxh4 Rf2+ 42. Kh3 Rf3+ 43. Kg2 Rxc3 44. b7 Nf4+ 45. Kg1 Rc1+
46. Kf2 Nd3+ 47. Ke2 Nf4+ 48. Kd2 Rb1 49. Ne5 Rxb7 50. Rxf4 Rb2+ 51. Kc3 Rxa2
52. d5 Ra1 53. Rd4 Ra3+ 54. Kc4 Ra4+ 55. Kc5 Ra5+ 56. Kd6 Ra6+ 57. Nc6 Kf7 58.
Re4 Ra5 59. Re7+ Kf6 60. Nd4 Ra6+ 61. Nc6 Rxc6+ 62. Kxc6 Kxe7 63. Kc7 Ke8 64.
d6 Kf7 65. d7 Ke7 66. d8=Q+ Ke6 67. Qd4 Kf7 68. Qe4 Kg8 69. Qf5 Kh8 70. Qg5 Kh7
71. Kd7 Kh8 72. Ke7 Kh7 73. Kf6 Kh8 74. Qg7# 1-0

[Event "Torneo Nuevo Centro. Jornada 7"]
[Site "Chess.com"]
[Date "2020.07.31"]
[Round "8"]
[White "Fernández Martin, Carlos"]
[Black "Escalona Moncholi, Felix"]
[Result "0-1"]
[WhiteElo "1811"]
[BlackElo "2053"]
[PlyCount "166"]
[EventDate "2020.??.??"]

1. e4 e6 2. d4 d5 3. Bd3 dxe4 4. Bxe4 Nf6 5. Bd3 Be7 6. Nf3 O-O 7. O-O c5 8.
dxc5 Bxc5 9. Qe2 Nc6 10. Bg5 h6 11. Bh4 Be7 12. Nc3 Qb6 13. Na4 Qb4 14. b3 Nd4
15. Nxd4 Qxd4 16. Bg3 Bd7 17. Rad1 Qb4 18. c3 Qa5 19. Nb2 Bc6 20. Nc4 Qxc3 21.
Be5 Qb4 22. Qc2 Rac8 23. a3 Qc5 24. b4 Qd5 25. Bh7+ Nxh7 26. Rxd5 Bxd5 27. Qb2
f6 28. Nd6 Rcd8 29. Nxb7 Bxb7 30. Bg3 Ng5 31. h4 Ne4 32. Bc7 Rd7 33. Bf4 Rc8
34. Qb3 Kf7 35. Qa4 Bc6 36. b5 Bd5 37. Qa6 Rc4 38. Be3 Bc5 39. Bxc5 Rxc5 40.
Rd1 Rdc7 41. f3 Nc3 42. Re1 Nxb5 43. a4 Nc3 44. Qd3 g6 45. a5 Na4 46. Qa3 Nc3
47. Qb4 h5 48. a6 R5c6 49. Kh2 Rc4 50. Qb8 Na4 51. Kg3 Kg7 52. Qe8 R4c6 53. Qd8
Nc5 54. Qa8 Nxa6 55. Qd8 Nc5 56. Qe8 a5 57. Qb8 a4 58. Qb1 a3 59. Qa1 a2 60.
Qb2 Ra7 61. Ra1 Rca6 62. Qd4 Rc6 63. Qb4 Rb7 64. Qa5 Rb1 65. Qa7+ Kf8 66. Qa8+
Ke7 67. Qa7+ Kd6 68. Rxb1 axb1=Q 69. Qa3 Qb3 70. Qa7 Qb7 71. Qa3 Qb3 72. Qa7
Ne4+ 73. Kh3 Nf2+ 74. Kg3 Qb6 75. Qa1 Ke7 76. Qa3+ Kf7 77. Qa1 Nd3 78. Qd1 Qc7+
79. Kh3 Nf4+ 80. Kg3 Qe5 81. Kf2 Nd3+ 82. Qxd3 Rc1 83. Qa6 Qe1# 0-1

[Event "Torneo Nuevo Centro. Jornada 7"]
[Site "Chess.com"]
[Date "2020.07.31"]
[Round "9"]
[White "Bendayán Claros, Aaron"]
[Black "Garcia, Jhoel"]
[Result "0-1"]
[WhiteElo "2025"]
[BlackElo "2399"]
[PlyCount "26"]
[EventDate "2020.??.??"]

1. d4 Nf6 2. Bg5 Ne4 3. Bf4 c5 4. c3 cxd4 5. Qxd4 d5 6. Nf3 Nc6 7. Qd1 Qb6 8.
e3 Qxb2 9. Nbd2 Nxc3 10. Qc1 Qxc1+ 11. Rxc1 Nxa2 12. Rc5 Nab4 13. Bb5 e5 0-1

[Event "Torneo Nuevo Centro. Jornada 7"]
[Site "Chess.com"]
[Date "2020.07.31"]
[Round "9"]
[White "Ríos Valle, Daniel"]
[Black "Sanchis Bon, Sergi"]
[Result "1-0"]
[WhiteElo "1206"]
[BlackElo "983"]
[PlyCount "29"]
[EventDate "2020.??.??"]

1. e4 e5 2. Nf3 Qf6 3. Nc3 c6 4. Bc4 Bc5 5. d3 h6 6. Bd2 g5 7. O-O g4 8. Ne1
Ne7 9. g3 h5 10. Ng2 h4 11. gxh4 g3 12. hxg3 Qe6 13. Bxe6 fxe6 14. Qf3 Rf8 15.
Qh5+ 1-0

[Event "Torneo Nuevo Centro. Jornada 7"]
[Site "Chess.com"]
[Date "2020.07.31"]
[Round "9"]
[White "Gukasov, Artem"]
[Black "Carbonell Bofill, Carlos Eloy"]
[Result "0-1"]
[WhiteElo "1523"]
[BlackElo "1945"]
[PlyCount "28"]
[EventDate "2020.??.??"]

1. e4 e6 2. d4 d5 3. e5 c5 4. c3 Nc6 5. Nf3 Bd7 6. Be3 Qb6 7. b3 Rc8 8. Be2
cxd4 9. cxd4 Nb4 10. Bd3 Bb5 11. Bxb5+ Qxb5 12. a3 Nc2+ 13. Kd2 Qxb3 14. Nc3
Qxc3+ 0-1

[Event "Torneo Nuevo Centro. Jornada 7"]
[Site "Chess.com"]
[Date "2020.07.31"]
[Round "9"]
[White "Morata Briones, Carlos"]
[Black "Fitzpatrick Dimas, Andrew"]
[Result "0-1"]
[WhiteElo "934"]
[BlackElo "1144"]
[PlyCount "36"]
[EventDate "2020.??.??"]

1. e4 e5 2. Qh5 Nc6 3. Bc4 g6 4. Qf3 Nf6 5. c3 Bg7 6. g4 d6 7. g5 Bg4 8. Qg3
Nxe4 9. Qxg4 d5 10. Bxd5 Qxd5 11. Qe2 O-O-O 12. c4 Qc5 13. Qg4+ f5 14. Qe2 Nd4
15. Qd3 Nb5 16. Qb3 Qxf2+ 17. Kd1 Qf1+ 18. Kc2 Nd4# 0-1

[Event "Torneo Nuevo Centro. Jornada 7"]
[Site "Chess.com"]
[Date "2020.07.31"]
[Round "9"]
[White "Gracia Calvo, Andrés"]
[Black "Zamora Soler, Raul"]
[Result "0-1"]
[WhiteElo "1799"]
[BlackElo "1873"]
[PlyCount "56"]
[EventDate "2020.??.??"]

1. d4 d5 2. Nf3 Nf6 3. Bf4 e6 4. e3 c5 5. c3 Nc6 6. Nbd2 c4 7. h3 Bd6 8. Ne5
Bxe5 9. Bxe5 Nxe5 10. dxe5 Nd7 11. f4 b5 12. Nf3 Nc5 13. Be2 Ne4 14. O-O O-O
15. Nd4 Bd7 16. Bf3 Nc5 17. Be2 Rb8 18. Qc2 Qb6 19. b3 g6 20. bxc4 bxc4 21.
Rfb1 Qa5 22. g4 Ba4 23. Qc1 Ne4 24. Qa3 Qxc3 25. Qxa4 Qxe3+ 26. Kh1 Qxh3+ 27.
Kg1 Qg3+ 28. Kf1 Nd2# 0-1

[Event "Torneo Nuevo Centro. Jornada 7"]
[Site "Chess.com"]
[Date "2020.07.31"]
[Round "9"]
[White "Maestre Soler, Sergio"]
[Black "Rabbani Perez, Oumaima"]
[Result "1-0"]
[WhiteElo "926"]
[BlackElo "622"]
[PlyCount "49"]
[EventDate "2020.??.??"]

1. e4 e6 2. Bc4 Bc5 3. Qg4 Qe7 4. Qxg7 Qf6 5. Qxf6 Nxf6 6. e5 Ne4 7. Nc3 Nxf2
8. Nb5 Nc6 9. Nxc7+ Kd8 10. Nxa8 Nxh1 11. Nf3 Bf2+ 12. Ke2 Rg8 13. d3 Rxg2 14.
Bg5+ Ke8 15. Rxh1 Bc5+ 16. Kf1 Rxc2 17. Rg1 Rc1+ 18. Ne1 Rb1 19. Bh4 Rxb2 20.
Rg8+ Bf8 21. Bf6 Nd4 22. Bg7 Nf5 23. Rxf8+ Ke7 24. Rxc8 Rxh2 25. Bf6# 1-0

[Event "Torneo Nuevo Centro. Jornada 7"]
[Site "Chess.com"]
[Date "2020.07.31"]
[Round "9"]
[White "Castellano López, Javier"]
[Black "Saiz Sapena, Veronica"]
[Result "1-0"]
[WhiteElo "1888"]
[BlackElo "1550"]
[PlyCount "67"]
[EventDate "2020.??.??"]

1. d4 d5 2. c4 c6 3. Nc3 Nf6 4. cxd5 cxd5 5. g3 a6 6. Bg2 e6 7. Bg5 Be7 8. Nf3
b5 9. a3 Nc6 10. b4 Bb7 11. Rc1 O-O 12. e3 Nd7 13. Bxe7 Nxe7 14. Ne2 Ng6 15.
O-O Rc8 16. Qd3 Nf6 17. h4 Ne4 18. Nc3 Qe7 19. Nd2 Nxc3 20. Rxc3 Rxc3 21. Qxc3
Rc8 22. Qd3 Qf6 23. Nb3 Ne7 24. Nc5 Rc7 25. a4 Nc6 26. axb5 Nxb4 27. Qb3 a5 28.
Ra1 Qd8 29. b6 Re7 30. Rxa5 Qxb6 31. Ra4 Rc7 32. Qxb4 Qxb4 33. Rxb4 Bc6 34.
Rb8+ 1-0

[Event "Torneo Nuevo Centro. Jornada 7"]
[Site "Chess.com"]
[Date "2020.07.31"]
[Round "9"]
[White "Méndez Giménez, Néstor Emmanuel"]
[Black "Grigorev, Artur"]
[Result "1-0"]
[WhiteElo "1185"]
[BlackElo "967"]
[PlyCount "41"]
[EventDate "2020.??.??"]

1. e4 e5 2. Nf3 Nc6 3. Bb5 Nf6 4. c3 Bc5 5. d4 Bb6 6. Nxe5 Nxe5 7. dxe5 Nxe4 8.
O-O Nxf2 9. Qe2 Nd3+ 10. Kh1 Nc5 11. Qh5 O-O 12. Bc4 d5 13. b4 Ne4 14. Bd3 Nf2+
15. Rxf2 g6 16. Qe2 Bxf2 17. Qxf2 Be6 18. h4 g5 19. Bxg5 Qd7 20. Qf6 d4 21. Bh6
1-0

[Event "Torneo Nuevo Centro. Jornada 7"]
[Site "Chess.com"]
[Date "2020.07.31"]
[Round "9"]
[White "Bosch Jordà, Ricard"]
[Black "Gutierrez Marco, Dario"]
[Result "1-0"]
[WhiteElo "1923"]
[BlackElo "1823"]
[PlyCount "63"]
[EventDate "2020.??.??"]

1. e4 c5 2. Nf3 d6 3. d4 cxd4 4. Nxd4 a6 5. Nc3 Nf6 6. f3 e5 7. Nb3 Be7 8. Be3
Be6 9. Qd2 Nbd7 10. O-O-O Rc8 11. g4 Qc7 12. h4 d5 13. exd5 Nxd5 14. Nxd5 Bxd5
15. Be2 Bb4 16. Qd3 Bc4 17. Qxc4 Qxc4 18. Bxc4 Rxc4 19. Rd5 Ke7 20. Rhd1 Rd8
21. a3 f6 22. axb4 Rxb4 23. Bc5+ Nxc5 24. Rxd8 Nxb3+ 25. cxb3 Rxb3 26. R1d7+
Ke6 27. Rd3 Rb5 28. R8d7 Rc5+ 29. Kb1 b5 30. Rxg7 b4 31. Rdd7 a5 32. Rge7# 1-0

[Event "Torneo Nuevo Centro. Jornada 7"]
[Site "Chess.com"]
[Date "2020.07.31"]
[Round "9"]
[White "Soler Nadal, Jose Antonio"]
[Black "Soliva Ruiz, Ramon"]
[Result "1-0"]
[WhiteElo "1547"]
[BlackElo "1442"]
[PlyCount "45"]
[EventDate "2020.??.??"]

1. d4 Nf6 2. Bf4 d6 3. Nc3 Nbd7 4. Qd2 e5 5. dxe5 dxe5 6. Bg3 Bd6 7. e4 O-O 8.
O-O-O Bb4 9. Bxe5 Nxe4 10. Qd3 Qg5+ 11. f4 Nxe5 12. Qxe4 Qh6 13. Qxe5 Bd6 14.
Qe1 Bxf4+ 15. Kb1 Bf5 16. Bd3 Rfe8 17. Qf2 Bxd3 18. Rxd3 Be3 19. Qg3 Rad8 20.
Rxd8 Rxd8 21. Nf3 Bf4 22. Qh4 g5 23. Qxh6 1-0